| 000 | 00630nam a2200205 a 4500 | ||
|---|---|---|---|
| 001 | STB036414 | ||
| 003 | PILC | ||
| 005 | 20150924091947.0 | ||
| 008 | |||
| 020 | _a9789719801733 | ||
| 050 |
_aQA 267 _b.D35 2014 |
||
| 100 |
_aDelfinado, Cecil Jose A., _eauthor. |
||
| 245 | 0 |
_aAutomata theory / _cCecil Jose A. Delfinado. |
|
| 260 |
_aQuezon City : _bC&E Pub., _c2014. |
||
| 300 |
_axii, 342 pages : _billustrations (some color) ; _c22 cm. |
||
| 500 | _aIncludes bibliographical references and index. | ||
| 650 | _aAutomata. | ||
| 650 | _aRegular expression. | ||
| 942 |
_2lcc _cBK _kFOR |
||
| 999 |
_c288736 _d288736 |
||